Programming the 80286, 80386, 80486, and pentium-based personal computer/ (Record no. 106)
[ view plain ]
| 000 -LEADER | |
|---|---|
| fixed length control field | 00984nam a22002657a 4500 |
| 001 - CONTROL NUMBER | |
| control field | 106 |
| 003 - CONTROL NUMBER IDENTIFIER | |
| rucl marc code | BD-RjUL |
| 005 - DATE AND TIME OF LATEST TRANSACTION | |
| control field | 20211208233120.0 |
| 008 - FIXED-LENGTH DATA ELEMENTS--GENERAL INFORMATION | |
| fixed length control field | 131107r20011996i d | |||| 001 0 eng d |
| 020 ## - INTERNATIONAL STANDARD BOOK NUMBER | |
| International Standard Book Number | 8120314670 |
| 035 ## - SYSTEM CONTROL NUMBER | |
| System control number | (BD-RjUL)117 |
| 040 ## - CATALOGING SOURCE | |
| Original cataloging agency | BD-RjUL |
| Language of cataloging | eng |
| Transcribing agency | BD-RjUL |
| 041 ## - LANGUAGE CODE | |
| Language code of text/sound track or separate title | eng |
| 082 ## - DEWEY DECIMAL CLASSIFICATION NUMBER | |
| Edition number | 19 |
| Classification number | 005.265 |
| Author mark and year | BRP 2001 |
| 100 1# - MAIN ENTRY--PERSONAL NAME | |
| Personal name | Brey, Barry B. |
| 9 (RLIN) | 350 |
| 245 1# - TITLE STATEMENT | |
| Title | Programming the 80286, 80386, 80486, and pentium-based personal computer/ |
| Statement of responsibility, etc. | Barry B. Brey. |
| 250 ## - EDITION STATEMENT | |
| Edition statement | Eastern Economy Edition |
| 260 ## - PUBLICATION, DISTRIBUTION, ETC. (IMPRINT) | |
| Place of publication, distribution, etc. | New Delhi : |
| Name of publisher, distributor, etc. | Prentice-Hall, |
| Date of publication, distribution, etc. | c1996 [reprinted 2001]. |
| 300 ## - PHYSICAL DESCRIPTION | |
| Pagination | x, 781 p. : |
| Illustrations | ill. ; |
| Size | 25 cm. + |e 1 computer disk (3 1/2 in.) |
| 504 ## - BIBLIOGRAPHY, ETC. NOTE | |
| Bibliography, etc | Includes indexes. |
| 526 ## - STUDY PROGRAM INFORMATION NOTE | |
| Requested Dept. | Computer Science |
| 650 #7 - SUBJECT ADDED ENTRY--TOPICAL TERM | |
| Source of heading or term | SLSH |
| Topical term or geographic name as entry element | Intel 80xxx series microprocessors -- Programming. |
| 9 (RLIN) | 351 |
| 856 4# - ELECTRONIC LOCATION AND ACCESS | |
| Materials specified | Worldcat |
| Uniform Resource Identifier | <a href="http://www.worldcat.org/title/programming-the-80286-80386-80486-and-pentium-based-personal-computer/oclc/32779362&referer=brief_results">http://www.worldcat.org/title/programming-the-80286-80386-80486-and-pentium-based-personal-computer/oclc/32779362&referer=brief_results</a> |
| 942 ## - ADDED ENTRY ELEMENTS (KOHA) | |
| Source of classification or shelving scheme | Dewey Decimal Classification |
| Koha item type | Books |
| Lost status | Source of classification or shelving scheme | Damaged status | Not for loan | Collection code | Permanent Location | Current Location | Shelving location | Date acquired | Source of acquisition | Cost, normal purchase price | Total Checkouts | Full call number | Date last seen | Date checked out | Copy number | Koha item type |
|---|---|---|---|---|---|---|---|---|---|---|---|---|---|---|---|---|
| Dewey Decimal Classification | Non-fiction | Central Library, University of Rajshahi | Central Library, University of Rajshahi | 08/06/2008 | Paragon Enterprises | 325.00 | 1 | 005.265 BRP 2001 | 29/02/2024 | 25/02/2024 | C-3 | Books | ||||
| Dewey Decimal Classification | Non-fiction | Central Library, University of Rajshahi | Central Library, University of Rajshahi | 25/09/2010 | Paragon Enterprises | 325.00 | 005.265 BRP 2001 | 07/11/2013 | C-5 | Books | ||||||
| Dewey Decimal Classification | Non-fiction | Central Library, University of Rajshahi | Central Library, University of Rajshahi | 25/09/2010 | Paragon Enterprises | 325.00 | 005.265 BRP 2001 | 07/11/2013 | C-8 | Books | ||||||
| Dewey Decimal Classification | Non-fiction | Central Library, University of Rajshahi | Central Library, University of Rajshahi | 09/06/2008 | Dhaka,Paragon Enterprise Lit., | 325.00 | 005.265 BRP 2002 | 15/11/2016 | C-2 | Books |